000 01675nam0a22003131 4500
001 rc\4826894
005 20250612192026.0
035 _a(NLR Aleph) 008803657
090 _a8117610
_c8117610
100 _a20130426d1961 |||y0rusy50 ca
101 0 _arus
102 _aRU
105 _aa z |||||
200 1 _aИсследование зависимости восприятия кажущихся размеров объектов стереоскопических изображений от величины их параллаксов на экране
_fПод ред. канд. техн. наук Б.Т. Иванова
210 _aМосква
_cБ. и.
_d1961
215 _a[2], 33 л., 6 л. ил.
_cил.
_d28
225 1 _aМинистерство культуры СССР. Всесоюзный научно-исследовательский кинофотоинститут НИКФИ. Научно-технический отчет
_vВып. 340
_iСтереолаборатория
_vТема 3-Б плана НИР 1960 г. и тема 4-А плана НИР 1959 г.
_iИсследование условий восприятия стереокиноизображений
300 _aТекст на одной стороне л.
300 _aАвт. указан на 1-ом л. текста
300 _aЛитогр.
320 _aБиблиогр.: с. 31-33
333 _aДля служебного пользования. Экз. № 4
700 1 _aЩекочихин
_bВ.С.
702 1 _aИванов
_bБ.Т.
_4340
801 0 _aRU
_bNLR
_gpsbo
801 1 _aRU
_bELAR
_2rusmarc
852 _aNLR
_jП11/1278
942 _cBOOK
980 _aNB